A whale is not a fish and other animal mix-ups / (Record no. 3194)

MARC details
000 -LEADER
fixed length control field 01102cam a2200289 a 4500
005 - DATE AND TIME OF LATEST TRANSACTION
control field 20250828112324.0
020 ## - INTERNATIONAL STANDARD BOOK NUMBER
International Standard Book Number 9780590474771
040 ## - CATALOGING SOURCE
Original cataloging agency NBelS
Transcribing agency NBelS
Modifying agency DLC
Language of cataloging eng
050 04 - LIBRARY OF CONGRESS CALL NUMBER
Classification number QL49.B548
Item number 1995
082 00 - DEWEY DECIMAL CLASSIFICATION NUMBER
Classification number 591
100 1# - MAIN ENTRY--PERSONAL NAME
Personal name Berger, Melvin
245 12 - TITLE STATEMENT
Title A whale is not a fish and other animal mix-ups /
Statement of responsibility, etc. by Berger, Melvin ; illustrated by Peck, Marshall
250 ## - EDITION STATEMENT
Edition statement First printing , September 1995
260 ## - PUBLICATION, DISTRIBUTION, ETC.
Place of publication, distribution, etc. New York :
Name of publisher, distributor, etc. Scholastic,
Date of publication, distribution, etc. 1995
300 ## - PHYSICAL DESCRIPTION
Extent 64 pages :
Other physical details color illustrations ;
Dimensions 24 cm.
505 ## - FORMATTED CONTENTS NOTE
Formatted contents note P <br/>
520 ## - SUMMARY, ETC.
Summary, etc. Is it an alligator or a crocodile? a butterfly or a moth? a donkey or a mule? They might look alike, but they are not. Find out about these and many more animal mix-ups in this fun-to-read book.
521 ## - TARGET AUDIENCE NOTE
Target audience note 650 <br/>
Source Lexile <br/>
521 ## - TARGET AUDIENCE NOTE
Target audience note P <br/>
Source Raz-Plus <br/>
650 #0 - SUBJECT ADDED ENTRY--TOPICAL TERM
Topical term or geographic name entry element Animals
General subdivision Identification
Form subdivision Juvenile literature
650 #0 - SUBJECT ADDED ENTRY--TOPICAL TERM
Topical term or geographic name entry element Animals
Form subdivision Classification
-- Juvenile literature
650 #1 - SUBJECT ADDED ENTRY--TOPICAL TERM
Topical term or geographic name entry element Animals
700 1# - ADDED ENTRY--PERSONAL NAME
Personal name Peck, Marshall
Relator term illustrator
906 ## - LOCAL DATA ELEMENT F, LDF (RLIN)
a 7
b cbc
c copycat
d 3
e ncip
f 19
g y-gencatlg
942 ## - ADDED ENTRY ELEMENTS (KOHA)
Source of classification or shelving scheme Dewey Decimal Classification
Koha item type Books
Suppress in OPAC No
999 ## -
-- 3194
-- 3194
Holdings
Withdrawn status Lost status Source of classification or shelving scheme Damaged status Not for loan Collection Home library Current library Shelving location Date acquired Total Checkouts Full call number Barcode Date last seen Copy number Price effective from Koha item type Date last checked out
    Dewey Decimal Classification     Non-Fiction Footprints International School Library Network Toul Tom Poung Campus Footprints International School Library Network Toul Kork Campus TTP Primary Orange Bookshelves 08/28/2025 2 BER 591 QL49.B548 FIS04642 03/13/2026 3 08/28/2025 Books 02/06/2026
    Dewey Decimal Classification     Non-Fiction Footprints International School Library Network Toul Tom Poung Campus Footprints International School Library Network Toul Tom Poung Campus TTP Primary Orange Bookshelves 02/16/2024   BER 591 QL49.B548 FISBK06083 02/16/2024 1 02/16/2024 Books  
    Dewey Decimal Classification     Non-Fiction Footprints International School Library Network Toul Tom Poung Campus Footprints International School Library Network Toul Tom Poung Campus TTP Primary Orange Bookshelves 08/01/2025   BER 591 QL49.B548 FISTK02042 08/01/2025 2 08/01/2025 Books